000 00448nam a2200181Ia 4500
001 10646
005 20260306161847.0
008 260306t1971||||xx |||||||||||||| ||spa||
041 _aESP
082 _a940.55
_bC28 T. 2
100 _aCartier, Raymond,
_eAUT
245 0 _aHistoria mundial de la post-guerra :
_b1953-1969
260 _c1971
300 _a461 páginas :
_c30 cm.
650 _aGEN
654 _aCHU
942 _cLIB
_dJUS
_fJUS
_2ddc
_n
999 _c10646
_d10646